Sports Quiz

Random Sports Quiz

Mariners players with a HR before their age-23 season Quiz Stats

 Plays Quiz not verified by Sporcle

Score 0/28 Timer 12:00
0 Plays Today
1st year w/ M's Player % Correct
1989Ken Griffey Jr.
98.8%
1994Alex Rodriguez
92.1%
2013Mike Zunino
74.9%
2015Ketel Marte
58.7%
2004Jose Lopez
53.4%
2006Adam Jones
50.8%
1977Ruppert Jones
49.9%
1977Julio Cruz
46.2%
2013Nick Franklin
39.6%
2012Jesus Montero
39.1%
1984Jim Presley
31.9%
2005Felix Hernandez
26.8%
1989Omar Vizquel
26.5%
1981Dave Henderson
24.7%
1st year w/ M's Player % Correct
1984Danny Tartabull
21.1%
1983Spike Owen
16.6%
2002Chris Snelling
12.6%
2007Wladimir Balentien
10.4%
1983Darnell Coles
9.8%
2011Alex Liddi
8.8%
1993Marc Newfield
6.6%
1984Ivan Calderon
5.7%
1983Al Chambers
5.3%
1993Greg Pirkl
5.2%
2004Rene Rivera
4.9%
1982Orlando Mercado
3%
1981Paul Serna
2.5%
1979Rod Craig
2.2%

You're not logged in!

Compare scores with friends on all Sporcle quizzes.
OR
Log In

Sporcle TV

Today on Sporcle TV


Watch our educational content, quiz creation guides, and fun videos on Sporcle TV.

Show Comments

Extras

Top Quizzes Today


Score Distribution

Your Account Isn't Verified!

In order to create a playlist on Sporcle, you need to verify the email address you used during registration. Go to your Sporcle Settings to finish the process.

Report this User

Report this user for behavior that violates our Community Guidelines.

Details: